000 00934cab a22002175a 4500
001 L146846
008 090304e20090228xxkdo f s 000 0 eng d
035 _a(Sirsi) u146846
041 0 _aeng
100 1 _aNorman, Paul
245 0 0 _aFocus
_bBerkshire
260 _c2009
490 0 _aEstates Gazette
_v(0908) 28 February 2009, 97-105(7)
520 _aReveals that Reading councillors are seeking alternatives for a new civic centre after ditching plans for a £54m bespoke scheme. Reports on how landlords have slashed office and industrial rents, and that agents predict further cuts as the market slows. Considers whether or not the proposed delayed regeneration of Bracknell town centre will go ahead at all in light of the recession.
590 _aKA
651 4 _aEngland
_y886-
690 _aPROPERTY-COMMERCIAL PROPERTY-COMMERCIAL PROPERTY MARKET
700 1 _aJack, Simon
700 1 _aCavanagh, Elaine
942 _n0
999 _c81309
_d81309